| 000 | 00376cam a2200157ua 4500 | ||
|---|---|---|---|
| 041 |
_amal _h |
||
| 082 |
_a894.81209 _bRAM/PA |
||
| 100 | _aRamakrishna, . | ||
| 245 |
_aPainkili / _cRamakrishna Karimpuzha. _hTextual Documents |
||
| 260 |
_aCalicut : _bP.K. Brothers , _c1965. |
||
| 300 | _a127 ; . | ||
| 500 | _a1.50 | ||
| 504 | _a | ||
| 942 | _cBK | ||
| 999 |
_c12043 _d12043 |
||